| 000 | 00460nam a2200193Ia 4500 | ||
|---|---|---|---|
| 005 | 20241029020250.0 | ||
| 008 | 240331s9999 xx 000 0 und d | ||
| 020 | _a9789558095386 | ||
| 082 |
_bDES _a823 |
||
| 100 | _aDe Silva, N | ||
| 245 | 4 | _aThe road from Elephant pass | |
| 260 |
_aColombo _bVijitha Yapa Publishers _c2003 |
||
| 300 | _a434 p ., | ||
| 650 | _aReal Story | ||
| 650 | _aSocial | ||
| 650 | _aPsychology | ||
| 650 | _aGender | ||
| 942 | _cL | ||
| 999 |
_c5381 _d5381 |
||